| 000 | 01849nam a2200253Ii 4500 | ||
|---|---|---|---|
| 008 | 221202s xx 000 0 und d | ||
| 245 | 4 | _aThe External Relations of the European Union | |
| 264 |
_bPeter Lang International Academic Publishers _c2015 |
||
| 300 | _a1 online resource | ||
| 336 |
_atext _btxt _2rdacontent |
||
| 337 |
_acomputer _bc _2rdamedia |
||
| 338 |
_aonline resource _bcr _2rdacarrier |
||
| 520 | _aThe book analyses the attitudes of non-EU countries towards European integration in historical and contemporary perspectives. The authors study a range of actors in Europe and beyond to explain the impact of the creation of the European Communities on the international system and how the EU is perceived in the world. The book further shows the significance of the institutional interplay within the EU, and between EU institutions, member states and external actors led by their own internal dynamics to explain policy outcomes. It investigates to what extent the perceptions of the international community towards the European Communities and the EU have been influenced by the complexity of their decision-making and the difficulty of reconciling the views of member states on key external relations issues. The authors also study the interplay of non-EU countries and the EU within the broader context of international and regional institutions and forums for international cooperation. | ||
| 653 | _aEuropean History | ||
| 653 | _aEuropean Policy | ||
| 653 | _aEuropean Union | ||
| 653 | _aForeign Affairs | ||
| 653 | _aHistory | ||
| 700 | 1 | _aBenvenuti, Andrea | |
| 700 | 1 | _aGuderzo, Max | |
| 700 | 1 | _aWinand, Pascaline | |
| 856 | _uhttps://library.oapen.org/bitstream/20.500.12657/25893/1/1004190.pdfhttps://www.peterlang.com/view/title/51015http://library.oapen.org/handle/20.500.12657/25893 | ||
| 942 | _cE-BOOK | ||
| 999 |
_c66307 _d66307 |
||